Rating fondu zaujímavejší ako hviezdičky

Rating fondu - prezradí investorom v prehľadnom hodnotení kvalitu fondu. Hodnotenie podielových fondov - ratingy, skóringy, ceny. Na Slovensku sa zatiaľ ujali skóringy, nazývané tiež rankingy. Rankingy hodnotia minulosť. Rating berie do úvahy aj prípadné riziko fondu a jeho budúcnosť. Ciele ratingu....

Descrizione completa

Salvato in:
Dettagli Bibliografici
Autore principale: Brondošová, Jana
Natura: Capitolo di libro
Lingua:slovacco
Soggetti:
Tags: Aggiungi Tag
Nessun Tag, puoi essere il primo ad aggiungerne!!

MARC

LEADER 00000naa$a2200000$$$4500
001 0036819
005 20231009082211.9
041 0 |a slo 
044 |a SK 
245 1 0 |a Rating fondu zaujímavejší ako hviezdičky  |c Jana Brondošová 
520 |a Rating fondu - prezradí investorom v prehľadnom hodnotení kvalitu fondu. Hodnotenie podielových fondov - ratingy, skóringy, ceny. Na Slovensku sa zatiaľ ujali skóringy, nazývané tiež rankingy. Rankingy hodnotia minulosť. Rating berie do úvahy aj prípadné riziko fondu a jeho budúcnosť. Ciele ratingu. Prideľovanie ratingovej známky. Rating uľahčuje investorom výber fondu. 
610 2 0 |a fondy podielové 
610 2 0 |a rating 
610 2 0 |a ceny 
610 2 0 |a informácie 
610 2 0 |a investori 
610 2 0 |a riziko 
610 2 0 |a Slovensko 
100 1 |a Brondošová, Jana